Cone beam CT of the head and neck (Registro nro. 10870)

000 -CABECERA
Campo de control de longitud fija 01624nam a22003617a 4500
003 - IDENTIFICADOR DEL NÚMERO DE CONTROL
Campo de control OSt
005 - FECHA Y HORA DE LA ÚLTIMA TRANSACCIÓN
Campo de control 20260420141200.0
008 - CÓDIGOS DE INFORMACIÓN DE LONGITUD FIJA
Campo de control de longitud fija 260420t2011 xxu||||| |||| 00| 0 eng d
020 ## - NÚMERO INTERNACIONAL NORMALIZADO PARA LIBROS (ISBN)
Número Internacional Normalizado para Libros (ISBN) 9783642127045
020 ## - NÚMERO INTERNACIONAL NORMALIZADO PARA LIBROS (ISBN)
Número Internacional Normalizado para Libros (ISBN) 9783642127045
040 ## - FUENTE DE LA CATALOGACIÓN
Centro catalogador de origen Unicoc
Lengua de catalogación spa
Centro que cataloga Bogotá (Dr. David Ordóñez Rueda) - Campus Norte
Centro modificador Bogotá (Dr. David Ordóñez Rueda) - Campus Norte
082 ## - NÚMERO DE LA CLASIFICACIÓN DECIMAL DEWEY
Número de clasificación 611.91
100 ## - PUNTO DE ACCESO PRINCIPAL - NOMBRE DE PERSONA
9 (RLIN) 13004
Nombre de persona Kau, Chung How
245 ## - MENCIÓN DE TÍTULO
Título Cone beam CT of the head and neck
Subtitulo o Resto del título : An anatomical atlas
Mención de responsabilidad etc. / Chung How Kau
250 ## - MENCIÓN DE EDICIÓN
Mención de edición 1 Ed.
260 ## - PUBLICATION, DISTRIBUTION, ETC. (IMPRINT)
Lugar de publicación distribución etc. Alemania :
Nombre del editor distribuidor etc. Springer ,
Fecha de publicación distribución etc. 2011
300 ## - DESCRIPCIÓN FÍSICA
Extensión 76 páginas
Otras características físicas Ilustraciones, diagramas, tablas, gráficas
500 ## - NOTA GENERAL
Nota general Incluye referencias bibliográficas
505 ## - NOTA DE CONTENIDO CON FORMATO
Título 1. Introduction. --
-- 2. Conventional computed tomography. --
-- 3. CBCT. --
-- 4. CBCT data. --
-- 5. CBCT acquisition systems. --
-- 6. Uses of CBCT technology. --
-- 7. Diagnosis. --
-- 8. Clinical Applications of the CBCT. --
-- 9. Late evaluation with CBCT. --
-- 10. The purpose of the clinical atlas.
526 ## - NOTA DE INFORMACIÓN SOBRE EL PROGRAMA DE ESTUDIO
Institución que aplica el campo Unicoc
546 ## - NOTA DE LENGUA
Nota de lengua Inglés
650 #0 - PUNTO DE ACCESO ADICIONAL DE MATERIA - TÉRMINO DE MATERIA
9 (RLIN) 13008
Término de materia o nombre geográfico como elemento inicial Tomografía de cabeza
650 #0 - PUNTO DE ACCESO ADICIONAL DE MATERIA - TÉRMINO DE MATERIA
9 (RLIN) 13009
Término de materia o nombre geográfico como elemento inicial Tomografía de cuello
650 #0 - PUNTO DE ACCESO ADICIONAL DE MATERIA - TÉRMINO DE MATERIA
9 (RLIN) 13010
Término de materia o nombre geográfico como elemento inicial Tomografía computarizada
Subdivisión de materia general CBCT
650 #0 - PUNTO DE ACCESO ADICIONAL DE MATERIA - TÉRMINO DE MATERIA
9 (RLIN) 24
Término de materia o nombre geográfico como elemento inicial Diagnóstico por imágenes
658 #0 - TÉRMINO DE INDIZACIÓN - OBJETIVO CURRICULAR
9 (RLIN) 8315
Programa Académico Programa de Odontología
658 #0 - TÉRMINO DE INDIZACIÓN - OBJETIVO CURRICULAR
9 (RLIN) 11722
Programa Académico Especialización en Ortodoncia y Ortopedia Maxilar
700 ## - PUNTO DE ACCESO ADICIONAL - NOMBRE DE PERSONA
9 (RLIN) 13005
Nombre de persona Abramovitch, Kenneth
700 ## - PUNTO DE ACCESO ADICIONAL - NOMBRE DE PERSONA
9 (RLIN) 13006
Nombre de persona Galal Kamel, Sherif
700 ## - PUNTO DE ACCESO ADICIONAL - NOMBRE DE PERSONA
9 (RLIN) 13007
Nombre de persona Bozic, Marko
856 ## - LOCALIZACIÓN Y ACCESO ELECTRÓNICOS
Texto del enlace Acceso online exclusivo para comunidad Unicoc.
Identificador Uniforme del Recurso (URI) https://unicoceduco-my.sharepoint.com/:b:/g/personal/direccionbiblioteca_unicoc_edu_co/IQDcj4Bbie3yTJhplHqJ31N0ASs7Yxvrukw3SdHixfiFOAM
942 ## - ENTRADA PARA ELEMENTOS AGREGADOS (KOHA)
Fuente de clasificación o esquema de ordenación en estanterías
Koha [por defecto] tipo de item Libro electrónico
Existencias
Código de barras Fecha del precio de reemplazo No para préstamo Fuente de adquisición Signatura completa Localización actual Tipo de item de Koha Estado de pérdida Fecha de adquisición Fecha última consulta Fuente de clasificación o esquema de ordenación en estanterías Precio Estropeado Localización permanente Código de colección
Ebook108702026-04-20 Compra611.91Bogotá (Dr. David Ordóñez Rueda) - Campus NorteLibro electrónico 2026-04-202026-04-20 200000.00 Bogotá (Dr. David Ordóñez Rueda) - Campus NorteColeccion Online

© 2014 UNICOC | Institución Universitaria Colegios de Colombia - UNICOC
Bogotá D.C. Autopista Norte Km. 20. Teléfono:(571)6683535
Cali: Calle 13 Norte No. 3N-13. Teléfono: (572)6608887

Con tecnología de Koha